[Event "Bialystok Zamenhof Memorial-A"]
[Site "Bialystok"]
[Date "2007.12.27"]
[Round "1.8"]
[White "Jablonski, Zenon"]
[Black "Bobras, Jan"]
[Result "1-0"]
[WhiteElo "2153"]
[BlackElo "1856"]
[PlyCount "103"]
[EventDate "2007.12.27"]
[EventType "swiss"]
[EventRounds "9"]
[EventCountry "POL"]
[SourceTitle "EXT 2023"]
[Source "ChessBase"]
[SourceDate "2022.10.05"]
[SourceVersion "1"]
[SourceVersionDate "2022.10.05"]
[SourceQuality "1"]

1. d4 d5 2. c4 c6 3. Nf3 g6 4. Nc3 Bg7 5. h3 Nf6 6. Bg5 Nbd7 7. e3 Nb6 8. Nd2 dxc4 9. Nxc4 Nxc4 10. Bxc4 0-0 11. 0-0 a5 12. Rc1 b5 13. Be2 Ba6 14. Bxf6 Bxf6 15. Ne4 Bg7 16. f4 e6 17. Bf3 Rc8 18. Rf2 Rc7 19. Rfc2 b4 20. Rxc6 Rxc6 21. Rxc6 Bb7 22. Rc5 Qa8 23. Nd6 Bxf3 24. Qxf3 Qa6 25. Nc4 Rd8 26. b3 a4 27. Ra5 Qc8 28. Rxa4 Bf8 29. Ra7 Rd5 30. Ne5 f6 31. Ng4 Bg7 32. Kh2 h5 33. Nf2 Kh7 34. Nd3 Kh6 35. Nxb4 Rb5 36. Nd3 Qc2 37. Nc5 Rb6 38. Qe4 Qe2 39. Na4 Rb5 40. Qxe6 h4 41. Qg4 Qxe3 42. Qxh4+ Rh5 43. Qg3 Qxd4 44. Re7 Bf8 45. Qe3 Qd6 46. Re6 Qc7 47. Rxf6 Bd6 48. Qd4 Rxh3+ 49. Kxh3 Qd7+ 50. g4 Qb5 51. g5+ Kh7 52. Rf7+ 1-0